000 00558nam a2200229Ia 4500
003 OSt
005 20220926041939.0
006 a|||||r|||| 00| 0
007 ta
008 220923b |||||||| |||| 00| 0 eng d
037 _cGeneral Book
040 _aRTL
_cRTL
_beng
041 _2eng
_aeng
082 _aX7.1.N2, F4
100 _aShirras G Findlay
245 0 _aPublic finance
260 _c1924
300 _a674p
_ccm.
650 _aIndia
_964395
942 _hX7.1.N2, F4
_cGB
_2CC
999 _c668490
_d668490